000 00326nam a22001457a 4500
008 210304b ||||| |||| 00| 0 eng d
020 _a0816121230
041 _aeng
080 _a61
082 _a61
100 _a3
101 _aSHM
245 _aQuality of Care Assessment and Assurance
_cHirschorn. N
942 _2udc
_cBK
999 _c55743
_d55743